Zuid-Amerikaanse steden in de top 200 Wereldwijd - Statistieken

Algemene statistieken
  • Deze quiz is 49 keer genomen
  • De gemiddelde score is 10 van 19
Antwoordstatistieken
Rang Bevolking Stad % Correct
124 3.93M Brasilia
90%
22 16.30M Buenos Aires
90%
28 13.10M Rio de Janeiro
85%
59 7.20M Santiago
82%
11 22.20M São Paulo
82%
38 9.80M Bogota
79%
35 9.90M Lima
79%
195 2.68M Quito
69%
131 3.78M Caracas
64%
122 3.95M Medellín
56%
90 4.98M Belo Horizonte
46%
176 3.05M Cali
38%
129 3.83M Recife
38%
139 3.58M Salvador
38%
119 4.10M Porto Alegre
33%
135 3.65M Fortaleza
28%
169 3.13M Guayaquil
23%
147 3.38M Curitiba
15%
163 3.18M Campinas
5%
Geen overeenkomende quizzen gevonden
Scoreverdeling
Procent van Mensen met Elke Score
Percentiel versus Aantal Correcte Antwoorden
Uw Scoregeschiedenis
U heeft deze quiz nog niet genomen